000 00310nam a2200133Ia 4500
005 20251222152039.0
008 251222s9999||||xx |||||||||||||| ||spa||
020 _a8771147742
082 _a636.31/B98
100 _aBuxadé Carbó, Carlos
245 0 _aOvino de carne
264 _bMundi-Prensa
942 _cLIB
999 _c25965
_d25965